000 00686nam a22002537a 4500
001 BR2011002344
003 BR-BrBNA
005 20230928103630.0
007 ta
008 230509b bl.||||| |||| 00| 0 por d
040 _aBR-BrBNA
_bpor
_cBiblioteca Nacional de Agricultura
041 _a(Por)
072 _aD50; P01
090 _ D50 BR2011002344
100 1 _aColatto, V.
245 1 _aCódigo ambiental brasileiro; pacto federativo ambiental descentralizado
260 3 _aBrasília, DF (Brasil):
_c2009.
300 _a45 p.
650 _aMEIO AMBIENTE
650 _aLEGISLAÇÃO
650 _aPOLÍTICA NACIONAL
909 _a202309
_bLucia
_c55
_dLucia Elande
942 _cBK
999 _c75889
_d75889